Meilleurs Buteurs en Sélections - Football - Statistiques

Statistiques générales
  • Ce quiz a été pris 952 fois
  • Le résultat moyen est 14 sur 19
Statistiques - réponses
Pays Nombre de buts Joueur % Correct
France 56 Olivier Giroud
99%
Portugal 128 Cristiano Ronaldo
95%
Argentine 106 Lionel Messi
95%
Brésil 79 Neymar Junior
91%
Angleterre 62 Harry Kane
90%
Belgique 80 Romelu Lukaku
89%
Uruguay 68 Luis Suarez
86%
Pologne 74 Robert Lewandowski
86%
Suède 62 Zlatan Ibrahimovic
86%
Côte d'Ivoire 65 Didier Drogba
84%
Cameroun 56 Samuel Etoo
78%
Espagne 59 David Villa
76%
Allemagne 71 Miroslav Klose
72%
Hongrie 84 Ferenc Puskas
68%
Bosnie-Herzégovine 65 Edin Dzeko
63%
Irlande 66 Robbie Keane
49%
Serbie 57 Aleksandar Mitrovic
32%
Iran 109 Ali Daei
17%
Italie 35 Luigi Riva
14%
Aucun quiz correspondant
Distribution des résultats
% des personnes avec chaque résultat
Percentile par nombre de réponses
Votre historique - résultats
Vous n’avez pas pris ce quiz